000 00751nam a2200181 u 4500
001 000399189
003 AM-YeHGA
005 20250617132445.0
008 041221s1972 ai r 000 0 arm d
040 _aAM-YeHGA
041 0 _aarm
245 0 0 _aԻնֆորմացիա :
_bՁեռքի գնդակ : "Ձեռնագնդորդների մարզման ժամանակակից մեթոդները" /
_cՀՍՍՀ Մինիստրների սովետին առընթեր ֆիզիկ. կուլտ. և սպորտի կոմ. Մեթոդ. կաբ.; Կազմ՝. Մ.Մ. Նեկրասով.
260 _aԵրևան :
_bԱ. հ,
_c1972.
300 _a11 էջ
650 1 4 _aՍպորտ
_xՁեռքի գնդակ
700 1 _aՆեկրասով, Մ.Մ.
_eկազմ.
_4com
090 _c152604
999 _c151211
_d151211